| 000 | 00522nam a2200169 a 4500 | ||
|---|---|---|---|
| 005 | 20140414093843.0 | ||
| 008 | 090320s19uu xx uuu eng d | ||
| 020 | _a0521-49766-3 | ||
| 050 |
_aCT 420.7 _bJAK 1996 |
||
| 100 | _aJakeman, Vanessa | ||
| 245 |
_aCambridge Practice Tests for IELTS - 1 : _bself study edition / _cVanessa Jakeman, Clare McDowell. |
||
| 260 |
_bCambridge University Press, _cc1996. |
||
| 650 | _aEnglish as a second language. | ||
| 700 | _aMcDowell, Clare | ||
| 942 | _cAVM | ||
| 999 |
_c109424 _d109424 |
||